The Hiroshima pilot / (Record no. 13047)
[ view plain ]
| 000 -LEADER | |
|---|---|
| fixed length control field | 00882cam a22002771i 4500 |
| 001 - CONTROL NUMBER | |
| control field | 10318558 |
| 003 - CONTROL NUMBER IDENTIFIER | |
| control field | EG-ScBUE |
| 005 - DATE AND TIME OF LATEST TRANSACTION | |
| control field | 20231217135704.0 |
| 008 - FIXED-LENGTH DATA ELEMENTS--GENERAL INFORMATION | |
| fixed length control field | 720225s1964 nyu f 000 0beng d |
| 035 ## - SYSTEM CONTROL NUMBER | |
| System control number | (OCoLC)249698 |
| 040 ## - CATALOGING SOURCE | |
| Original cataloging agency | DLC |
| Language of cataloging | eng |
| Description conventions | rda |
| Transcribing agency | OTifH |
| Modifying agency | OCoLC |
| -- | DLC |
| -- | EG-ScBUE |
| 043 ## - GEOGRAPHIC AREA CODE | |
| Geographic area code | a-ja--- |
| 082 04 - DEWEY DECIMAL CLASSIFICATION NUMBER | |
| Classification number | 923.573 |
| Item number | HUI |
| Edition number | 22 |
| 100 1# - MAIN ENTRY--PERSONAL NAME | |
| Personal name | Huie, William Bradford, |
| Dates associated with a name | 1910-1986, |
| Relator term | author. |
| 9 (RLIN) | 9986 |
| 245 14 - TITLE STATEMENT | |
| Title | The Hiroshima pilot / |
| Statement of responsibility, etc | William Bradford Huie. |
| 264 #1 - PUBLICATION, DISTRIBUTION, ETC. (IMPRINT) | |
| Place of publication, distribution, etc | New York : |
| Name of publisher, distributor, etc | G. P. Putnam's Sons, |
| Date of publication, distribution, etc | 1964. |
| 300 ## - PHYSICAL DESCRIPTION | |
| Extent | 318 pages ; |
| Dimensions | 22 cm |
| 336 ## - CONTENT TYPE | |
| Source | rdacontent |
| Content type term | text |
| Content type code | txt |
| 337 ## - MEDIA TYPE | |
| Source | rdamedia |
| Media type term | unmediated |
| Media type code | n |
| 338 ## - CARRIER TYPE | |
| Source | rdacarrier |
| Carrier type term | volume |
| Carrier type code | nc |
| 600 17 - SUBJECT ADDED ENTRY--PERSONAL NAME | |
| Personal name | Eatherly, Claude. |
| Source of heading or term | BUEsh |
| 9 (RLIN) | 9987 |
| 651 #7 - SUBJECT ADDED ENTRY--GEOGRAPHIC NAME | |
| Source of heading or term | BUEsh |
| Geographic name | Hiroshima-shi (Japan) |
| General subdivision | History Bombardment, |
| Chronological subdivision | 1945. |
| 655 ## - INDEX TERM--GENRE/FORM | |
| Form subdivision | Reading book |
| 942 ## - ADDED ENTRY ELEMENTS (KOHA) | |
| Source of classification or shelving scheme | Dewey Decimal Classification |
| Koha item type | Book - Borrowing |
| Withdrawn status | Lost status | Source of classification or shelving scheme | Damaged status | Not for loan | Collection code | Home library | Current library | Shelving location | Date acquired | Source of acquisition | Total Checkouts | Full call number | Barcode | Date last seen | Date checked out | Price effective from | Koha item type | Public note |
|---|---|---|---|---|---|---|---|---|---|---|---|---|---|---|---|---|---|---|
| Dewey Decimal Classification | Donation-Gift | Central Library | Central Library | Second Floor | 15/12/2009 | Donation | 1 | 923.573 HUI | 000019222 | 15/07/2025 | 03/05/2012 | 15/12/2009 | Book - Borrowing | donated by Alaa AbdelGhaney |